[Event "4ème OPEN du PIC d' ANIE"]
[Site "LA PIERRE SAINT MARTIN"]
[Date "2007.08.06"]
[Round "1.1"]
[White "Collet, Davy"]
[Black "Inkiov, Ventzislav"]
[Result "0-1"]
[WhiteElo "1786"]
[BlackElo "2503"]
[PlyCount "44"]

1. d4 Nf6 2. Bg5 e6 3. e4 h6 4. Bxf6 Qxf6 5. c3 c5 6. Nf3 Nc6 7. d5 Ne5 8. Be2
Ng6 9. g3 exd5 10. Qxd5 Be7 11. e5 Qb6 12. Qd2 O-O 13. Na3 Qe6 14. Bc4 Nxe5 15.
Nxe5 Qxe5+ 16. Be2 d5 17. O-O-O d4 18. cxd4 cxd4 19. Nc4 Qc7 20. Kb1 b5 21. Bf3
bxc4 22. Bxa8 Bf5+ 0-1

[Event "4ème OPEN du PIC d' ANIE"]
[Site "LA PIERRE SAINT MARTIN"]
[Date "2007.08.06"]
[Round "1.2"]
[White "Philippe, Christophe"]
[Black "Cwiek, Perrine"]
[Result "1-0"]
[WhiteElo "2368"]
[BlackElo "1743"]
[PlyCount "67"]

1. e4 e5 2. Nf3 Nc6 3. Bc4 Be7 4. d4 d6 5. c3 Nf6 6. Nbd2 O-O 7. Qe2 Bg4 8. h3
Bh5 9. g4 Bg6 10. d5 Nb8 11. Bd3 Nbd7 12. Nh4 Nc5 13. Nf5 Nxd3+ 14. Qxd3 Qd7
15. Nf1 c6 16. dxc6 bxc6 17. Bg5 d5 18. N1e3 Rad8 19. O-O-O Bxf5 20. Nxf5 Qe6
21. Qa6 Rd7 22. Rhe1 Bc5 23. Bxf6 Qxf6 24. exd5 cxd5 25. Qb5 Rc7 26. Rxd5 Bxf2
27. Rf1 Bb6 28. Rxe5 Qg5+ 29. Kc2 Qd8 30. Rd1 Qa8 31. Rde1 Qb7 32. Re8 Bc5 33.
Qxb7 Rxb7 34. b4 1-0

[Event "4ème OPEN du PIC d' ANIE"]
[Site "LA PIERRE SAINT MARTIN"]
[Date "2007.08.06"]
[Round "1.3"]
[White "Soufflet, Jacques"]
[Black "Do, Huu-Thi"]
[Result "0-1"]
[WhiteElo "1730"]
[BlackElo "2163"]
[PlyCount "46"]

1. d4 Nf6 2. c4 d6 3. Nf3 h6 4. Nc3 Bf5 5. e3 Nc6 6. Bd3 g6 7. Bxf5 gxf5 8. O-O
Qd7 9. b3 Rg8 10. h3 Ne4 11. Ne2 Bg7 12. Bb2 Bh8 13. Nf4 O-O-O 14. Qe2 Qe8 15.
a3 e5 16. dxe5 dxe5 17. Nd5 Qe6 18. Kh2 Qg6 19. Nh4 Qg5 20. g3 Nxg3 21. fxg3
Qxg3+ 22. Kh1 Qxh4 23. Qh2 Rg3 0-1

[Event "4ème OPEN du PIC d' ANIE"]
[Site "LA PIERRE SAINT MARTIN"]
[Date "????.??.??"]
[Round "1.4"]
[White "Forestie, Pierre"]
[Black "Teyssier, Jean-Paul"]
[Result "1-0"]
[WhiteElo "2140"]
[BlackElo "1724"]
[PlyCount "95"]

1. e4 e6 2. d4 d5 3. exd5 exd5 4. Bd3 Nf6 5. h3 Bd6 6. Qf3 c6 7. Ne2 Be6 8. Bg5
Nbd7 9. Nd2 h6 10. Be3 Qc7 11. Ng3 O-O 12. O-O Rfe8 13. Rfe1 Re7 14. Ndf1 Rae8
15. Re2 b6 16. Rae1 c5 17. c3 c4 18. Bb1 b5 19. Bc1 Qb8 20. Ne3 Bxg3 21. fxg3
Qd6 22. Nf1 Nh7 23. g4 Ndf6 24. Ng3 Qd8 25. Kf1 Bc8 26. Re5 Bb7 27. Qf4 Rxe5
28. dxe5 Nd7 29. Nf5 Qb6 30. Nd6 Re7 31. h4 Ndf8 32. Be3 Qc6 33. Nf5 Re8 34.
Bxa7 d4 35. Be4 Qa6 36. Bxd4 Bxe4 37. Rxe4 Ne6 38. Qf2 Qxa2 39. Nd6 Qb1+ 40.
Re1 Qd3+ 41. Kg1 Re7 42. Nxb5 Nhf8 43. Nd6 Ng6 44. g3 Ngf8 45. Kh2 Nxd4 46.
cxd4 Ne6 47. Re3 Qxd4 48. Nf5 1-0

[Event "4ème OPEN du PIC d' ANIE"]
[Site "LA PIERRE SAINT MARTIN"]
[Date "2007.08.06"]
[Round "1.5"]
[White "Garrel, Pascal"]
[Black "Prevot, Jean-Luc"]
[Result "0-1"]
[WhiteElo "1709"]
[BlackElo "2105"]
[PlyCount "50"]

1. d4 Nf6 2. Nf3 d5 3. c4 c6 4. cxd5 cxd5 5. Nc3 e6 6. Bg5 Bb4 7. Rc1 O-O 8. a3
Bd6 9. e3 a6 10. Bd3 b5 11. b4 Nbd7 12. O-O Nb6 13. Bb1 Bb7 14. Qd3 g6 15. Nd2
Bxh2+ 16. Kh1 Bd6 17. e4 dxe4 18. Ncxe4 Be7 19. Nc5 Bd5 20. f3 Kg7 21. Bxf6+
Bxf6 22. Rfe1 Bc4 23. Nxc4 bxc4 24. Qd1 Bxd4 25. Be4 Qh4# 0-1

[Event "4ème OPEN du PIC d' ANIE"]
[Site "LA PIERRE SAINT MARTIN"]
[Date "2007.08.06"]
[Round "1.6"]
[White "Martinet, Regis"]
[Black "Denis, Philippe"]
[Result "1-0"]
[WhiteElo "2050"]
[BlackElo "1699"]
[PlyCount "77"]

1. d4 d5 2. c4 c6 3. Nf3 Nf6 4. Nc3 e6 5. Bg5 Be7 6. e3 Nbd7 7. Bd3 dxc4 8.
Bxc4 b5 9. Bb3 b4 10. Ne2 h6 11. Bxf6 Nxf6 12. Rc1 Bb7 13. O-O O-O 14. Ne5 Rc8
15. Nf4 c5 16. Nxe6 fxe6 17. Bxe6+ Kh7 18. Bf5+ Kg8 19. Bxc8 Qxc8 20. Ng6 Re8
21. Nxe7+ Rxe7 22. Rxc5 Qe6 23. Re5 Qf7 24. Rxe7 Qxe7 25. Qd3 Qc7 26. Qb5 Bd5
27. Qxb4 Qc2 28. Qc3 Qg6 29. f3 Be6 30. b3 Bh3 31. Qd2 Nd5 32. Re1 Nf6 33. d5
Nd7 34. Kh1 Ne5 35. e4 Bd7 36. Qd4 Qh5 37. Qe3 Qg6 38. Qxa7 Qh5 39. Qe3 1-0

[Event "4ème OPEN du PIC d' ANIE"]
[Site "LA PIERRE SAINT MARTIN"]
[Date "2007.08.06"]
[Round "1.7"]
[White "Barillet, Lucien"]
[Black "Cwiek, Loic"]
[Result "0-1"]
[WhiteElo "1680"]
[BlackElo "1999"]
[PlyCount "46"]

1. c4 e6 2. e4 d5 3. cxd5 exd5 4. exd5 Nf6 5. Nf3 Nxd5 6. Be2 Nc6 7. O-O Bc5 8.
d4 Bb6 9. Bg5 Qd6 10. Nc3 O-O 11. Rc1 Bg4 12. Ne4 Qb4 13. Bd2 Qe7 14. h3 Qxe4
15. hxg4 Nxd4 16. Nxd4 Qxd4 17. Rc4 Qe5 18. Bf3 Rad8 19. Qc2 c6 20. g3 Qxg3+
21. Bg2 Nf6 22. Bf4 Qh4 23. Bg3 Qxg3 0-1

[Event "4ème OPEN du PIC d' ANIE"]
[Site "LA PIERRE SAINT MARTIN"]
[Date "2007.08.06"]
[Round "1.8"]
[White "Galby, Vassili"]
[Black "Pinault, Mailys"]
[Result "1-0"]
[WhiteElo "1976"]
[BlackElo "1630"]
[PlyCount "97"]

1. Nf3 d5 2. d4 Nf6 3. c4 e6 4. Nc3 Nbd7 5. Bg5 c6 6. e3 Bb4 7. cxd5 exd5 8.
Bd3 O-O 9. O-O Re8 10. Qc2 h6 11. Bh4 Qa5 12. Na4 Ne4 13. a3 Bd6 14. b4 Qc7 15.
b5 cxb5 16. Qxc7 Bxc7 17. Rfc1 Ba5 18. Bxb5 g5 19. Bg3 Nxg3 20. hxg3 Rd8 21.
Bd3 Nb6 22. Nc5 Nd7 23. Nb3 Bb6 24. a4 Re8 25. a5 Bd8 26. Bb5 Re7 27. Rc3 Nf6
28. Rac1 Bf5 29. Nfd2 a6 30. Ba4 Ne4 31. Nxe4 Rxe4 32. Rc5 Be6 33. Nd2 b6 34.
axb6 Bxb6 35. Nxe4 dxe4 36. Rc6 Ba5 37. Bc2 Bd2 38. Rd1 Bb4 39. Bxe4 Ra7 40. d5
Bd7 41. Rxh6 a5 42. Rb6 Bc5 43. Rb8+ Kg7 44. d6 a4 45. Rb7 Rxb7 46. Bxb7 Kf6
47. Ba6 Ke5 48. Bc4 f5 49. Rd5+ 1-0

[Event "4ème OPEN du PIC d' ANIE"]
[Site "LA PIERRE SAINT MARTIN"]
[Date "????.??.??"]
[Round "1.9"]
[White "Quintela, Francis"]
[Black "Domelevo, Jean-Baka"]
[Result "0-1"]
[WhiteElo "1580"]
[BlackElo "1951"]
[PlyCount "36"]

1. d4 c5 2. Nf3 e6 3. dxc5 Bxc5 4. Bf4 Qb6 5. e3 Nf6 6. Be5 Be7 7. Nbd2 d5 8.
Qe2 Bd7 9. Bd4 Qa5 10. Ne5 a6 11. c3 O-O 12. Nb3 Qc7 13. Qf3 Nc6 14. Nxd7 Nxd7
15. Bd3 e5 16. Qg3 Rac8 17. Qh3 g6 18. O-O exd4 0-1

[Event "4ème OPEN du PIC d' ANIE"]
[Site "LA PIERRE SAINT MARTIN"]
[Date "????.??.??"]
[Round "1.10"]
[White "Auge, Jean"]
[Black "Abancourt, Jose"]
[Result "1-0"]
[WhiteElo "1920"]
[BlackElo "1550"]
[PlyCount "43"]

1. e4 c5 2. c4 e5 3. Nc3 Nf6 4. d3 h6 5. f4 Nc6 6. fxe5 Nxe5 7. Nf3 Bd6 8. Be2
O-O 9. O-O a6 10. Be3 Qc7 11. h3 Nxf3+ 12. Rxf3 Nh5 13. Nd5 Bh2+ 14. Kf1 Qd6
15. g4 Ng3+ 16. Kg2 Nxe2 17. Qxe2 Be5 18. Raf1 f6 19. Qf2 b5 20. Bxc5 Qc6 21.
Ne7+ Kh7 22. Nxc6 1-0

[Event "4ème OPEN du PIC d' ANIE"]
[Site "LA PIERRE SAINT MARTIN"]
[Date "????.??.??"]
[Round "1.11"]
[White "Aubert, Lucas"]
[Black "Catala, Laurent"]
[Result "0-1"]
[WhiteElo "1550"]
[BlackElo "1895"]
[PlyCount "66"]

1. d4 d5 2. Bg5 Nf6 3. Bxf6 exf6 4. Nf3 Bg4 5. Nbd2 Bd6 6. e3 O-O 7. c4 dxc4 8.
Bxc4 c5 9. dxc5 Bxc5 10. O-O Nc6 11. Re1 Rc8 12. Qb3 Na5 13. Qa4 Nxc4 14. Qxc4
Bxf3 15. Nxf3 Bxe3 16. Qb3 Bb6 17. Rad1 Qc7 18. Nd4 Qc5 19. Qf3 Qb4 20. Nf5
Rce8 21. Rxe8 Rxe8 22. h3 Qxb2 23. Nd6 Rd8 24. Re1 g6 25. Ne8 Bd4 26. Nc7 Be5
27. Nd5 Qxa2 28. Rd1 Kg7 29. g3 b5 30. Ne7 Rxd1+ 31. Qxd1 Qa1 32. Qxa1 Bxa1 33.
Nd5 a5 0-1

[Event "4ème OPEN du PIC d' ANIE"]
[Site "LA PIERRE SAINT MARTIN"]
[Date "????.??.??"]
[Round "1.12"]
[White "Muratet, Lucas"]
[Black "Brouste, Pierre"]
[Result "*"]
[WhiteElo "1887"]
[BlackElo "1520"]
[PlyCount "49"]

1. e4 d6 2. d4 Nf6 3. Nc3 g6 4. f4 Bg7 5. Nf3 O-O 6. Bd3 c5 7. dxc5 dxc5 8. O-O
Nc6 9. Kh1 Qc7 10. e5 Ng4 11. Qe1 Rd8 12. Qh4 Nd4 13. Nxd4 cxd4 14. Ne4 Qc6 15.
f5 gxf5 16. Nd6 $5 Nxe5 (16... exd6 17. Qxd8+) 17. Nxf5 Bxf5 18. Bxf5 Ng6 19.
Bxg6 fxg6 (19... hxg6) 20. Qxe7 Rd7 21. Qe2 Rc7 22. Bf4 Qxc2 (22... Rf7) 23.
Qe6+ Rf7 24. Bd6 d3 25. Rxf7 *

[Event "4ème OPEN du PIC d' ANIE"]
[Site "LA PIERRE SAINT MARTIN"]
[Date "????.??.??"]
[Round "1.13"]
[White "Noblesse, Sylvie"]
[Black "Cabanes, Kim"]
[Result "0-1"]
[WhiteElo "1499"]
[BlackElo "1885"]
[PlyCount "80"]

1. e4 c6 2. Nf3 d5 3. d3 dxe4 4. dxe4 Qxd1+ 5. Kxd1 Bg4 6. Nbd2 Nd7 7. h3 Bh5
8. b3 O-O-O 9. Bc4 Ne5 10. Be2 Nxf3 11. gxf3 e5 12. Bb2 f6 13. Kc1 Bc5 14. Re1
Bxf2 15. Rf1 Be3 16. Rd1 Ne7 17. Kb1 Bxd2 18. Ba3 Ng6 19. Rf1 b5 20. Bc5 Nf4
21. Bd1 Bc3 22. Be7 Rd7 23. Bc5 Bxa1 24. Kxa1 Rhd8 25. Kb2 Rxd1 26. Rf2 Nxh3
27. Rh2 Nf4 28. Be3 g6 29. c4 Nd3+ 30. Kc2 Ne1+ 31. Kb2 Nxf3 32. Rc2 b4 33. a3
Ne1 34. Re2 Nd3+ 35. Kc2 Bxe2 36. Bd2 bxa3 37. Kc3 a2 38. b4 a1=Q+ 39. Kb3 Qb2+
40. Ka4 Ra1# 0-1

[Event "4ème OPEN du PIC d' ANIE"]
[Site "LA PIERRE SAINT MARTIN"]
[Date "2007.08.06"]
[Round "1.14"]
[White "Iwanesko, Alexandre"]
[Black "Scott, Stan"]
[Result "1-0"]
[WhiteElo "1882"]
[BlackElo "1499"]
[PlyCount "23"]

1. d4 d5 2. Nf3 Nf6 3. c4 c6 4. Nc3 e6 5. Bg5 Nbd7 6. cxd5 exd5 7. Qc2 Be7 8.
e3 O-O 9. Bd3 Re8 10. O-O Qc7 11. Bf4 Bd6 12. Nb5 1-0

[Event "4ème OPEN du PIC d' ANIE"]
[Site "LA PIERRE SAINT MARTIN"]
[Date "????.??.??"]
[Round "1.15"]
[White "Poey Durut, Bixente"]
[Black "Poey-Durut, Peio"]
[Result "1/2-1/2"]
[WhiteElo "1490"]
[BlackElo "1872"]
[PlyCount "66"]

1. d4 d5 2. Nf3 Nf6 3. e3 c5 4. c3 cxd4 5. cxd4 Nc6 6. Bd3 Bg4 7. O-O e6 8.
Nbd2 Bd6 9. Re1 O-O 10. e4 dxe4 11. Bxe4 Nxe4 12. Rxe4 Bf5 13. Re1 Nxd4 14.
Nxd4 Bxh2+ 15. Kxh2 Qxd4 16. Nf3 Qxf2 17. Qe2 Qxe2 18. Rxe2 Bd3 19. Rf2 Rfd8
20. Be3 Be4 21. Ng5 Rd3 22. Bxa7 Bxg2 23. Kxg2 Rxa7 24. Nxf7 Ra4 25. Rc1 g6 26.
Rc7 Rg4+ 27. Kf1 Rh4 28. Ng5 Rh1+ 29. Ke2 Rdd1 30. Nxh7 Rde1+ 31. Kf3 Rxh7 32.
Rc8+ Kg7 33. Rc7+ Kg8 1/2-1/2

[Event "4ème OPEN du PIC d' ANIE"]
[Site "LA PIERRE SAINT MARTIN"]
[Date "????.??.??"]
[Round "1.16"]
[White "Boukhris-Ferre, Yacine"]
[Black "Schlotter, Florence"]
[Result "1-0"]
[WhiteElo "1840"]
[BlackElo "1470"]
[PlyCount "67"]

1. e4 c5 2. Nc3 Nc6 3. Bb5 g6 4. Bxc6 bxc6 5. f4 d5 6. d3 Bg7 7. Nf3 e6 8. O-O
Ne7 9. h3 O-O 10. Qe1 Bd7 11. g4 f5 12. e5 Nc8 13. Na4 Qe7 14. Qh4 Qxh4 15.
Nxh4 c4 16. Nc5 Nb6 17. dxc4 dxc4 18. Rd1 Bc8 19. Rd6 Re8 20. Rxc6 Bf8 21. Nf3
Bxc5+ 22. Rxc5 Bb7 23. Kf2 Rad8 24. gxf5 exf5 25. Be3 Bd5 26. b3 cxb3 27. axb3
Re7 28. Rca5 Nc8 29. Bxa7 Nxa7 30. Rxa7 Kf8 31. Rxe7 Kxe7 32. Ra7+ Rd7 33.
Rxd7+ Kxd7 34. c4 1-0

[Event "4ème OPEN du PIC d' ANIE"]
[Site "LA PIERRE SAINT MARTIN"]
[Date "????.??.??"]
[Round "1.17"]
[White "Strub, Bruno"]
[Black "Parpinel, Mario"]
[Result "0-1"]
[WhiteElo "1440"]
[BlackElo "1840"]
[PlyCount "60"]

1. e4 e5 2. Nf3 Nc6 3. Bb5 a6 4. Ba4 Nf6 5. O-O b5 6. Bb3 Be7 7. Re1 O-O 8. d4
Nxd4 9. Nxd4 exd4 10. Qxd4 c5 11. Qe3 c4 12. e5 Nd5 13. Qd4 Nb6 14. Be3 Rb8 15.
Qg4 d5 16. Qe2 Qc7 17. Bf4 Be6 18. Bg3 Rbd8 19. a4 cxb3 20. cxb3 bxa4 21. Qxa6
Ra8 22. Qb5 axb3 23. Rxa8 Rxa8 24. Qxb3 Nc4 25. f4 Rb8 26. Qf3 g6 27. b3 Qb6+
28. Bf2 Qxb3 29. Qxb3 Rxb3 30. h3 Bf5 0-1

[Event "4ème OPEN du PIC d' ANIE"]
[Site "LA PIERRE SAINT MARTIN"]
[Date "????.??.??"]
[Round "1.18"]
[White "Boukhris, Khaled"]
[Black "Riballet, Jean-Paul"]
[Result "1-0"]
[WhiteElo "1835"]
[BlackElo "1340"]
[PlyCount "73"]

1. e4 e5 2. Nf3 Nc6 3. Bb5 d6 4. O-O Bd7 5. c3 Nf6 6. Re1 Be7 7. d4 O-O 8. d5
Nb8 9. Bd3 Bg4 10. Nbd2 Nbd7 11. Nf1 h6 12. h3 Bh5 13. g4 Bg6 14. Ng3 Nh7 15.
Bd2 Nc5 16. Bc2 Nd7 17. Qc1 c6 18. c4 Ng5 19. Nxg5 Bxg5 20. Bxg5 hxg5 21. dxc6
bxc6 22. Qd2 Qe7 23. Rad1 Rad8 24. Qxd6 Qxd6 25. Rxd6 Nb8 26. Red1 Rc8 27. b4
a6 28. c5 f6 29. Bb3+ Kh7 30. Be6 Rce8 31. Bf5 Rh8 32. Kg2 Kh6 33. Be6 Kh7 34.
h4 gxh4 35. Rh1 Bxe4+ 36. Nxe4 g5 37. Nxf6+ 1-0

[Event "4ème OPEN du PIC d' ANIE"]
[Site "LA PIERRE SAINT MARTIN"]
[Date "????.??.??"]
[Round "1.19"]
[White "Finkel, Anne-Sophie"]
[Black "Tarayre, Pascal"]
[Result "0-1"]
[WhiteElo "1160"]
[BlackElo "1820"]
[PlyCount "28"]

1. e4 c5 2. Nc3 Nc6 3. Nf3 d6 4. d3 Nf6 5. g3 Bg4 6. Bg2 Qd7 7. Be3 e5 8. Qd2
Be7 9. O-O Bh3 10. Nh4 Bxg2 11. Nxg2 h5 12. Bg5 Nd4 13. Bxf6 Nf3+ 14. Kh1 Qh3
0-1

[Event "4ème OPEN du PIC d' ANIE"]
[Site "LA PIERRE SAINT MARTIN"]
[Date "????.??.??"]
[Round "1.20"]
[White "Blesing, Alicia"]
[Black "Finkel, Julie"]
[Result "1-0"]
[WhiteElo "1802"]
[BlackElo "1160"]
[PlyCount "41"]

1. e4 e6 2. d4 d5 3. exd5 exd5 4. Nf3 Bf5 5. Be2 Nf6 6. O-O Bd6 7. Nh4 Be6 8.
Bd3 Nbd7 9. h3 c5 10. Nf5 Bxf5 11. Bxf5 c4 12. Re1+ Be7 13. Qe2 h6 14. Bf4 Ne4
15. Bxe4 dxe4 16. Qxe4 Nf6 17. Qxb7 Nd5 18. Bd6 Nb6 19. Rxe7+ Kf8 20. Rxf7+ Kg8
21. Rxg7# 1-0

[Event "4ème OPEN du PIC d' ANIE"]
[Site "LA PIERRE SAINT MARTIN"]
[Date "2007.08.07"]
[Round "2.2"]
[White "Catala, Laurent"]
[Black "Philippe, Christophe"]
[Result "0-1"]
[WhiteElo "1895"]
[BlackElo "2368"]
[PlyCount "78"]

1. e4 Nf6 2. e5 Nd5 3. d4 d6 4. c4 Nb6 5. exd6 cxd6 6. Nc3 g6 7. d5 Bg7 8. Nf3
O-O 9. Bd3 Bg4 10. h3 Bxf3 11. Qxf3 N8d7 12. Bf4 Rc8 13. Qe2 Ne5 14. Bxe5 Bxe5
15. Rc1 f5 16. O-O f4 17. f3 Nd7 18. b3 Bd4+ 19. Kh1 Ne5 20. Qe4 Bc5 21. Ne2
Be3 22. Rcd1 Qa5 23. a4 Qc5 24. Bc2 a6 25. Nd4 Bxd4 26. Rxd4 b5 27. axb5 axb5
28. Bd3 b4 29. Ra1 Ra8 30. Rxa8 Rxa8 31. Qxf4 Ra1+ 32. Kh2 Nxd3 33. Rxd3 Qg1+
34. Kg3 Ra2 35. Qe3 Qxg2+ 36. Kh4 Re2 37. Qg5 Qf2+ 38. Qg3 g5+ 39. Kg4 h5+ 0-1

[Event "4ème OPEN du PIC d' ANIE"]
[Site "LA PIERRE SAINT MARTIN"]
[Date "2007.08.06"]
[Round "2.3"]
[White "Do, Huu-Thi"]
[Black "Muratet, Lucas"]
[Result "0-1"]
[WhiteElo "2163"]
[BlackElo "1887"]
[PlyCount "91"]

1. d4 d5 2. Nc3 Nf6 3. Bg5 e6 4. e3 Be7 5. h4 c5 6. Qf3 Qb6 7. O-O-O cxd4 8.
exd4 Nc6 9. Bb5 a6 10. Bxc6+ Qxc6 11. Nh3 b5 12. Bxf6 gxf6 13. Kb1 b4 14. Ne2
a5 15. g4 Ba6 16. g5 Bxe2 17. Qxe2 O-O-O 18. f4 h6 19. gxf6 Bxf6 20. Nf2 Qb6
21. Ng4 Bxd4 22. Rxd4 Qxd4 23. Ne5 Qb6 24. Nxf7 Rdg8 25. Rc1 Rh7 26. Ne5 Rg1
27. h5 Rxc1+ 28. Kxc1 Qg1+ 29. Kd2 Qd4+ 30. Nd3 Qf6 31. Qe3 Rc7 32. Qb6 Qe7 33.
Qa6+ Kb8 34. Qxa5 Rc4 35. b3 Rc7 36. Nxb4 Kc8 37. Qa6+ Kd7 38. Qb5+ Kc8 39. Nc6
Qd6 40. Qb8+ Kd7 41. Ne5+ Ke7 42. b4 Kf6 43. a3 Kf5 44. Qg8 Ke4 45. Qg6+ Kxf4
46. Qg4+ 0-1

[Event "4ème OPEN du PIC d' ANIE"]
[Site "LA PIERRE SAINT MARTIN"]
[Date "2007.08.07"]
[Round "2.4"]
[White "Cabanes, Kim"]
[Black "Forestie, Pierre"]
[Result "1/2-1/2"]
[WhiteElo "1885"]
[BlackElo "2140"]
[PlyCount "68"]

1. e4 e5 2. Nf3 Nc6 3. Bc4 Bc5 4. O-O d6 5. c3 Bb6 6. Bb3 Bg4 7. d3 Qd7 8. h3
Bh5 9. Nbd2 Nf6 10. Re1 O-O-O 11. Nf1 h6 12. Ng3 Bg6 13. Ba4 Qe6 14. Bxc6 bxc6
15. a4 a6 16. a5 Ba7 17. Qa4 Kd7 18. d4 Rb8 19. d5 Nxd5 20. exd5 Qxd5 21. b4
Rbe8 22. Be3 Bxe3 23. Rxe3 f6 24. b5 f5 25. bxc6+ Qxc6 26. Qxc6+ Kxc6 27. Nh4
f4 28. Nxg6 fxe3 29. Nxh8 exf2+ 30. Kxf2 Rxh8 31. Ke3 Rb8 32. Ra2 g6 33. h4 h5
34. Nf1 Rb1 1/2-1/2

[Event "4ème OPEN du PIC d' ANIE"]
[Site "LA PIERRE SAINT MARTIN"]
[Date "2007.08.07"]
[Round "2.6"]
[White "Parpinel, Mario"]
[Black "Martinet, Regis"]
[Result "1-0"]
[WhiteElo "1840"]
[BlackElo "2050"]
[PlyCount "45"]

1. e4 c5 2. Nf3 Nc6 3. d4 cxd4 4. Nxd4 Nf6 5. Nc3 e5 6. Nxc6 bxc6 7. Bc4 Bb4 8.
Bd2 O-O 9. Qe2 Rb8 10. O-O d5 11. exd5 cxd5 12. Bb3 Qd6 13. Rfd1 Bg4 14. f3 Be6
15. Kh1 Rfe8 16. Nb5 Qc5 17. Bxb4 Qxb4 18. Nc7 Re7 19. Qxe5 Bh3 20. Qg3 Bxg2+
21. Kxg2 Nh5 22. Na6 Nf4+ 23. Kh1 1-0

[Event "4ème OPEN du PIC d' ANIE"]
[Site "LA PIERRE SAINT MARTIN"]
[Date "2007.08.07"]
[Round "2.7"]
[White "Cwiek, Loic"]
[Black "Boukhris-Ferre, Yacine"]
[Result "0-1"]
[WhiteElo "1999"]
[BlackElo "1840"]
[PlyCount "70"]

1. d4 Nf6 2. c4 d6 3. Nc3 g6 4. e4 Bg7 5. Nf3 O-O 6. Be2 e5 7. O-O Nc6 8. d5
Ne7 9. Ne1 Ne8 10. Nd3 f5 11. f3 Nf6 12. Bd2 f4 13. c5 g5 14. Rc1 Ng6 15. cxd6
cxd6 16. Nf2 Rf7 17. Qc2 h5 18. Nb5 Ne8 19. Qa4 Bd7 20. Qa3 Bf8 21. Bb4 g4 22.
fxg4 hxg4 23. g3 f3 24. Bc4 Qf6 25. Qe3 Rh7 26. Rc2 a6 27. Na3 Nf4 28. gxf4
exf4 29. e5 Qh6 30. Nxg4 Bxg4 31. Qe1 b5 32. Bd3 Rg7 33. Kh1 Qh5 34. Rg1 f2 35.
Qxf2 Bf3+ 0-1

[Event "4ème OPEN du PIC d' ANIE"]
[Site "LA PIERRE SAINT MARTIN"]
[Date "2007.08.07"]
[Round "2.8"]
[White "Tarayre, Pascal"]
[Black "Galby, Vassili"]
[Result "0-1"]
[WhiteElo "1820"]
[BlackElo "1976"]
[PlyCount "60"]
[EventDate "2007.??.??"]

1. e4 c5 2. Nf3 Nc6 3. d4 cxd4 4. Nxd4 Nf6 5. Nc3 e5 6. Nde2 Bc5 7. Ng3 d6 8.
Bc4 Nd4 9. O-O a6 10. Bg5 Ne6 11. Bxf6 Qxf6 12. Nd5 Qd8 13. Nf5 b5 14. Bb3 Ra7
15. Qd2 O-O 16. Rad1 Kh8 17. Kh1 g6 18. Nfe3 f5 19. exf5 gxf5 20. c3 f4 21. Nc2
Qh4 22. Ne1 Rf5 23. Bc2 Rh5 24. Nf3 Qd8 25. b4 Ng5 26. Nxf4 Nxf3 27. Nxh5 Nxd2
28. Rxd2 Qg5 29. Rfd1 Bg4 30. f3 Be3 0-1

[Event "4ème OPEN du PIC d' ANIE"]
[Site "LA PIERRE SAINT MARTIN"]
[Date "2007.08.07"]
[Round "2.14"]
[White "Teyssier, Jean-Paul"]
[Black "Aubert, Lucas"]
[Result "0-1"]
[WhiteElo "1724"]
[BlackElo "1550"]
[PlyCount "68"]
[EventDate "2007.??.??"]

1. e4 e6 2. d3 d5 3. Qe2 Bc5 4. Nf3 dxe4 5. dxe4 Nc6 6. c3 b6 7. Bg5 Qd7 8.
Nbd2 h6 9. Be3 Bd6 10. Rd1 Bb7 11. Nc4 Qe7 12. b4 e5 13. Nxd6+ cxd6 14. g3 Nf6
15. Bh3 Nxe4 16. Qd3 Nd8 17. O-O Ng5 18. Nxg5 hxg5 19. Bf5 d5 20. Qd2 Qf6 21.
Bd3 Qh6 22. f4 gxf4 23. gxf4 Qh3 24. Bb5+ Kf8 25. Rf2 d4 26. Bf1 Qg4+ 27. Bg2
dxe3 28. Qxe3 Qxd1+ 29. Rf1 Qh5 30. Qg3 Bxg2 31. Qxg2 Qg6 32. fxe5 Qxg2+ 33.
Kxg2 Ne6 34. Rd1 Rd8 0-1

[Event "4ème OPEN du PIC d' ANIE"]
[Site "LA PIERRE SAINT MARTIN"]
[Date "2007.08.07"]
[Round "2.16"]
[White "Denis, Philippe"]
[Black "Noblesse, Sylvie"]
[Result "1/2-1/2"]
[WhiteElo "1699"]
[BlackElo "1499"]
[PlyCount "67"]

1. e4 e5 2. Nf3 Nc6 3. Bb5 Bd6 4. O-O Nf6 5. Re1 O-O 6. c3 a6 7. Ba4 b5 8. Bc2
Re8 9. d4 exd4 10. cxd4 Bb4 11. Nc3 Ng4 12. h3 Be7 13. hxg4 b4 14. Nd5 Bf8 15.
e5 Bb7 16. Bg5 Qc8 17. Ne3 d6 18. Bf5 Qb8 19. d5 Ne7 20. e6 f6 21. Qd3 fxg5 22.
Nxg5 g6 23. Be4 Bh6 24. Nf7 Bg7 25. Rab1 c5 26. g5 Qc8 27. Ng4 Kf8 28. Nf6 Bxf6
29. gxf6 Ng8 30. Nxd6 c4 31. Qh3 Qc7 32. Nxb7 Qxb7 33. d6 Nxf6 34. Bxg6 1/2-1/2

[Event "4ème OPEN du PIC d' ANIE"]
[Site "LA PIERRE SAINT MARTIN"]
[Date "2007.08.07"]
[Round "2.18"]
[White "Pinault, Mailys"]
[Black "Strub, Bruno"]
[Result "0-1"]
[WhiteElo "1630"]
[BlackElo "1440"]
[PlyCount "84"]
[EventDate "2007.??.??"]

1. e4 e5 2. Nc3 Nf6 3. f4 d6 4. Nf3 Nc6 5. Bb5 Bd7 6. O-O a6 7. Bxc6 Bxc6 8.
fxe5 dxe5 9. Nxe5 Qd4+ 10. Kh1 Qxe5 11. d4 Qh5 12. Qxh5 Nxh5 13. d5 Bd7 14. Be3
Bd6 15. Rfe1 O-O 16. h3 Rfe8 17. Bd4 c5 18. dxc6 Bxc6 19. Nd5 Ng3+ 20. Kg1 Rxe4
21. Rxe4 Nxe4 22. Nb6 Rd8 23. c3 Bc5 24. Bxc5 Nxc5 25. Nc4 Ne6 26. g4 g5 27.
Ne5 Nf4 28. Nc4 Nxh3+ 29. Kh2 Nf2 30. Kg3 Ne4+ 31. Kh2 Nf6 32. Kg3 Rd3+ 33. Kf2
Rf3+ 34. Ke2 Nxg4 35. Rg1 h5 36. a4 Rf2+ 37. Ke1 Rf4 38. Nb6 Bxa4 39. Rh1 h4
40. Kd2 Bc6 41. Rc1 h3 42. Kd3 h2 0-1

[Event "4ème OPEN du PIC d' ANIE"]
[Site "LA PIERRE SAINT MARTIN"]
[Date "2007.08.07"]
[Round "2.19"]
[White "Finkel, Julie"]
[Black "Quintela, Francis"]
[Result "0-1"]
[WhiteElo "1160"]
[BlackElo "1580"]
[PlyCount "68"]
[EventDate "2007.??.??"]

1. e4 e5 2. Nf3 Nc6 3. Bc4 Nf6 4. d3 d5 5. exd5 Nxd5 6. Bxd5 Qxd5 7. Nc3 Qd8 8.
Bg5 f6 9. Be3 Bb4 10. O-O Bg4 11. h3 Bh5 12. Nb1 Nd4 13. Bxd4 exd4 14. Qe2+ Kf7
15. Qe4 Bxf3 16. Qxf3 c6 17. c3 dxc3 18. bxc3 Ba5 19. Qh5+ g6 20. Qf3 Re8 21.
d4 Qd6 22. Qg3 Qxg3 23. fxg3 Re3 24. Rf3 Rae8 25. g4 Re1+ 26. Kf2 R8e2+ 27. Kg3
Bc7+ 28. Kh4 g5+ 29. Kh5 Rxg2 30. Kh6 Rh1 31. Kxh7 Bg3 32. Rxf6+ Kxf6 33. Kg8
Rxh3 34. Kf8 Rh8# 0-1

[Event "4ème OPEN du PIC d' ANIE"]
[Site "LA PIERRE SAINT MARTIN"]
[Date "2007.08.08"]
[Round "3.1"]
[White "Iwanesko, Alexandre"]
[Black "Inkiov, Ventzislav"]
[Result "0-1"]
[WhiteElo "1882"]
[BlackElo "2503"]
[PlyCount "92"]
[EventDate "2007.??.??"]

1. Nf3 d5 2. d4 Nf6 3. c4 e6 4. cxd5 exd5 5. Nc3 Bb4 6. Bg5 Nbd7 7. Qc2 c5 8.
dxc5 Qa5 9. Bd2 O-O 10. a3 Bxc5 11. Ne4 Qb6 12. Nxc5 Qxc5 13. Qxc5 Nxc5 14. Bb4
b6 15. e3 Nfe4 16. Bb5 Bb7 17. Nd4 a6 18. Be2 a5 19. Bd2 Ne6 20. f3 Nxd4 21.
exd4 Nd6 22. Kf2 Ba6 23. Bf4 Nf5 24. Bxa6 Rxa6 25. Rhd1 Rc8 26. Rac1 Raa8 27.
Bc7 a4 28. Bxb6 Rcb8 29. Rc6 h5 30. Rd2 Ra6 31. Bc7 Rxb2 32. Rxb2 Rxc6 33. Bb6
Rc3 34. Bc5 Rb3 35. Re2 f6 36. g4 hxg4 37. fxg4 Nh6 38. g5 Ng4+ 39. Kg2 fxg5
40. Re8+ Kh7 41. Ra8 Ne3+ 42. Kf2 Nf5 43. Rxa4 g4 44. Ra7 Rb2+ 45. Ke1 Rxh2 46.
Rf7 Kg6 0-1

[Event "4ème OPEN du PIC d' ANIE"]
[Site "LA PIERRE SAINT MARTIN"]
[Date "2007.08.08"]
[Round "3.2"]
[White "Philippe, Christophe"]
[Black "Domelevo, Jean-Baka"]
[Result "1-0"]
[WhiteElo "2368"]
[BlackElo "1951"]
[PlyCount "51"]

1. e4 c5 2. Nf3 Nc6 3. c3 e5 4. Bc4 Be7 5. O-O h6 6. d4 d6 7. dxc5 dxc5 8. Qb3
Na5 9. Bxf7+ Kf8 10. Qd5 Nf6 11. Qxd8+ Bxd8 12. Nxe5 g5 13. Bd5 Kg7 14. Be3 Bc7
15. Nf3 Nxd5 16. exd5 Bd6 17. b4 Nc4 18. Bxc5 Bxc5 19. bxc5 Nb2 20. Nbd2 Bg4
21. Rab1 Na4 22. Rxb7+ Kg8 23. Ne4 Bxf3 24. gxf3 Rf8 25. Rxa7 Nb2 26. Rb1 1-0

[Event "4ème OPEN du PIC d' ANIE"]
[Site "LA PIERRE SAINT MARTIN"]
[Date "2007.08.08"]
[Round "3.3"]
[White "Boukhris-Ferre, Yacine"]
[Black "Do, Huu-Thi"]
[Result "0-1"]
[WhiteElo "1840"]
[BlackElo "2163"]
[PlyCount "32"]

1. e4 e6 2. d4 c5 3. c3 b6 4. Nf3 Bb7 5. Bd3 Nf6 6. Nbd2 Nc6 7. O-O cxd4 8.
cxd4 Nb4 9. Bb1 Ba6 10. Re1 Nd3 11. Re3 Nxf2 12. Qa4 N2g4 13. Qxa6 Nxe3 14. h3
Qc8 15. Qxc8+ Rxc8 16. Bd3 Nc2 0-1